Leaders of Chile by Picture - Statistics

General Stats
  • This quiz has been taken 25 times
  • The average score is 30 of 72
Answer Stats
Picture Hint Answer % Correct
1973-1990 Augusto Pinochet
95%
1970-1973 Salvador Allende
81%
1817-1823 Bernardo O'Higgins
71%
2006-2010 | 2014-2018 Michelle Bachelet
71%
2022-Present Gabriel Boric
67%
2010-2014 | 2018-2022 Sebastián Piñera
67%
1964-1970 Eduardo Frei Montalva
62%
1994-2000 Eduardo Frei Ruiz-Tagle
62%
1990-1994 Patricio Aylwin
62%
2000-2006 Ricardo Lagos
62%
1920-1924 | 1925 | 1932-1938 Arturo Alessandri
52%
1927-1931 | 1952-1958 Carlos Ibáñez del Campo
52%
1881-1886 Domingo Santa María
52%
1958-1964 Jorge Alessandri
52%
1891-1896 Jorge Montt
52%
1886-1891 José Manuel Balmaceda
52%
1841-1851 Manuel Bulnes
52%
1851-1861 Manuel Montt
52%
1906-1910 Pedro Montt
52%
1946-1952 Gabriel González Videla
48%
1831-1841 Joaquín Prieto
48%
1811-1812 | 1812-1813 José Miguel Carrera
48%
1812 José Santiago Portales y Larraín
48%
1813 | 1814 Juan José Carrera
48%
1938-1941 Pedro Aguirre Cerda
48%
1910-1915 Ramón Barros Luco
48%
1876-1881 Aníbal Pinto
43%
1813 Francisco Antonio Pérez
43%
1827-1829 | 1829 Francisco Antonio Pinto
43%
1861-1871 José Joaquín Pérez
43%
1823-1826 | 1827 | 1829 Ramón Freire
43%
1814 | 1823 | 1826-1827 Agustín Eyzaguirre
38%
1901 Aníbal Zañartu
38%
1932 Carlos Dávila
38%
1871-1876 Federico Errázuriz Zañartu
38%
1815-1817 Francisco Marcó del Pont
38%
1901-1906 Germán Riesco
38%
1942-1946 Juan Antonio Ríos
38%
1814-1815 Mariano Osorio
38%
1932 Abraham Oyanedel
33%
1932 Arturo Puga
33%
1932 Bartolomé Blanche
33%
1910 | 1925-1927 Emiliano Figueroa
33%
1925 Emilio Bello Codesido
33%
1896-1901 Federico Errázuriz Echaurren
33%
1829-1830 | 1830-1831 José Tomás Ovalle
33%
1811 Juan Antonio Ovalle
33%
1931 | 1931-1932 Juan Esteban Montero
33%
1915-1920 Juan Luis Sanfuentes
33%
1811 Juan Martínez de Rozas
33%
1891 Manuel Baquedano
33%
1826 Manuel Blanco Encalada
33%
1810-1811 Mateo de Toro Zambrano
33%
1925 Pedro Dartnell
33%
1946 | 1946 Alfredo Duhalde
29%
1814 Antonio José de Irisarri
29%
1910 Elías Fernández Albano
29%
1831 Fernando Errázuriz Aldunate
29%
1811 Fernando Márquez de la Plata
29%
1814 Francisco de la Lastra
29%
1829 | 1829 | 1829 Francisco Ramón Vicuña
29%
1830 Francisco Ruiz-Tagle
29%
1941-1942 Jerónimo Méndez
29%
1813-1814 José Miguel Infante
29%
1811 Juan Enrique Rosales
29%
1924-1925 Luis Altamirano
29%
1925 Luis Barros Borgoño
29%
1931 Manuel Trucco
29%
1812 Pedro José Prado Jaraquemada
29%
1931 Pedro Opaso
29%
1946 Juan Antonio Iribarren
24%
1946 Vicente Merino
24%
No matching quizzes found
Score Distribution
Percent of People with Each Score
Percentile by Number Answered
Your Score History
You have not taken this quiz